面積が小さい都道府県TOP20 -サドンデス- - Statistics

General Stats
  • This quiz has been taken 819 times
  • The average score is 11 of 20
Answers on the Grid
Answers color-coded by a green-red scale on the quiz's grid according to % correct below.
北海道
青森県
岩手県
宮城県
秋田県
山形県
福島県
茨城県
栃木県
群馬県
埼玉県
千葉県
東京都
神奈川県
新潟県
富山県
石川県
福井県
山梨県
長野県
岐阜県
静岡県
愛知県
三重県
滋賀県
京都府
大阪府
兵庫県
奈良県
和歌山県
鳥取県
島根県
岡山県
広島県
山口県
徳島県
香川県
愛媛県
高知県
福岡県
佐賀県
長崎県
熊本県
大分県
宮崎県
鹿児島県
沖縄県
 
Answer Stats
Answer % Correct
1,877 香川県
87%
2,200 東京都
84%
1,905 大阪府
84%
2,282 沖縄県
78%
2,441 佐賀県
76%
2,417 神奈川県
70%
3,798 埼玉県
67%
3,507 鳥取県
64%
4,465 山梨県
60%
3,691 奈良県
60%
4,147 徳島県
60%
4,248 富山県
56%
4,131 長崎県
53%
4,017 滋賀県
49%
4,191 福井県
46%
4,186 石川県
40%
4,612 京都府
19%
4,725 和歌山県
16%
4,988 福岡県
15%
5,156 千葉県
14%
No matching quizzes found
Score Distribution
Percent of People with Each Score
Percentile by Number Answered
Your Score History
You have not taken this quiz